000 00536nam a2200205Ia 4500
005 20260429112157.0
008 260429s9999||||xx |||||||||||||| ||und||
020 _a9781529621815
041 _aEnglish
082 _a302
_bWAL
100 _aWalker, Janet
245 0 _aSocial work and human development /
_cJanet Walker
250 _a7th ed.
260 _aLondon :
_bLearning Matters,
_c2024.
300 _axvii, 241 p.; pbk
650 _a Human development
650 _aSocial work
700 _a Horner, Nigel
942 _cTB
999 _c52744
_d52744